<?xml version="1.0" encoding="UTF-8"?>
<collection xmlns="http://www.loc.gov/MARC21/slim">
 <record>
  <leader>07034nam a2200553 a 4500</leader>
  <controlfield tag="001">kal3181</controlfield>
  <controlfield tag="003">Gr-AtHEAL</controlfield>
  <controlfield tag="005">20160506094553.0</controlfield>
  <controlfield tag="006">m        d        </controlfield>
  <controlfield tag="008">160413s2015    gr      s           gre|c</controlfield>
  <datafield tag="020" ind1=" " ind2=" ">
   <subfield code="a">9789606032141</subfield>
  </datafield>
  <datafield tag="040" ind1=" " ind2=" ">
   <subfield code="a">GR-AtHEAL</subfield>
   <subfield code="b">gre</subfield>
   <subfield code="c">GR-AtHEAL</subfield>
  </datafield>
  <datafield tag="082" ind1="0" ind2="4">
   <subfield code="a">720</subfield>
   <subfield code="2">23</subfield>
  </datafield>
  <datafield tag="100" ind1="1" ind2=" ">
   <subfield code="a">Ντάφλος, Κωνσταντίνος.</subfield>
   <subfield code="8">289</subfield>
  </datafield>
  <datafield tag="245" ind1="1" ind2="0">
   <subfield code="a">Τακτικές τεχνοπολιτικών μέσων</subfield>
   <subfield code="h">[Ηλεκτρονικός πόρος] </subfield>
   <subfield code="b">Διαδικασίες συγκρότησης κοινών τόπων: διατάξεις</subfield>
   <subfield code="c">Ντάφλος, Κωνσταντίνος ; Κριτικός αναγνώστης,Κούρος, Παναγιώτης-Αντώνιος ; Γραφιστική επιμέλεια,Γαζετάς, Νίκος ; Τεχνική επιμέλεια,Γαζετάς, Νίκος ; Γλωσσική επιμέλεια,Ξιφαρά, Φωτεινή.</subfield>
  </datafield>
  <datafield tag="260" ind1=" " ind2=" ">
   <subfield code="a">Αθήνα :</subfield>
   <subfield code="b">Σύνδεσμος Ελληνικών Ακαδημαϊκών Βιβλιοθηκών,</subfield>
   <subfield code="c">c2015.</subfield>
  </datafield>
  <datafield tag="490" ind1=" " ind2=" ">
   <subfield code="a">Ακαδημαϊκά Ηλεκτρονικά Συγγράμματα και Βοηθήματα Κάλλιπος</subfield>
   <subfield code="8">40</subfield>
  </datafield>
  <datafield tag="520" ind1=" " ind2=" ">
   <subfield code="a">Οι πρόσφατες εικαστικές κριτικές πρακτικές θέτουν νέα ερωτήματα γύρω από τα πλαίσια του συστήματος-τέχνη χωρίς να απευθύνονται προς αυτό αλλά τροφοδοτώντας τη δημιουργική δράση πέρα από τις δομές που το συγκροτούν. Οι νέες στάσεις από ατομικά ή συλλογικά πρόσωπα δημιουργών και οι νέες μέθοδοι και τακτικές που ακολουθούνται σήμερα, θέτουν ερωτήματα και υιοθετούν εναλλακτικές προσεγγίσεις, -σχετικά με τους δυνητικούς ενεργούς ρόλους του κοινωνικού περίγυρου ως προς την οργάνωση και ένταξη στην πραγματική ζωή της δημιουργικής διαδικασίας, όπως και ως προς τους τρόπους διανομής της εικαστικής δουλειάς. Το αντικείμενο του βιβλίου αφορά την διερεύνηση των διαλογικών πρακτικών στο γενικότερο περιβάλλον των τεχνών καθώς και των θεωρητικών αρχών και εννοιών πάνω στις οποίες δομούνται αυτές οι πρακτικές μεταβάλλοντας ουσιαστικά το κλασσικό περιεχόμενο των εικαστικών τεχνών. Οι διαλογικές πρακτικές αφορούν την επινόηση διαλογικών σχέσεων από τη σύντηξη με ευρύτερα πεδία της τέχνης που διατηρούν οριζόντια άρθρωση μη-ιεραρχικής δομής, πολυγλωσσίας, πολυφωνικότητας, ανοικτής πηγής και ανοικτού κώδικα, εισάγοντας νεότερες τακτικές (τακτικά μέσα) σε συνδυασμό με παλιότερες πρακτικές (ακτιβισμός, περφόρμανς, χάκερ, μπρικολάζ). Η ριζική αλλαγή στην οποία συνεισφέρουν οι διαλογικές πρακτικές είναι πως μετατοπίζουν το πεδίο των εικαστικών πρακτικών σε ενεργή ζωντανή διαδικασία συγκρότησης και διαχείρισης του συλλογικού πολιτισμού (κουλτούρας) με τη συμβολή και τη συμμετοχή σε κοινά πεδία εμπλεκόμενων μελών, επιτελώντας διαδικασίες και συμπεριφορές (λ.χ. αυτορρύθμιση, αυτοδιάθεση, διαμοιρασμός της πληροφορίας) σε ανεξάρτητα πλαίσια που δεν είναι αυτόνομα από τη ζωή, (λχ. συμπαραγωγή, διαμοιρασμός, ανοικτός κώδικας, διαχείριση, διανομή).Ο όρος διαλογικές τέχνες, γενικότερος, περιβάλλει τον δημοφιλή και διαδεδομένο όρο διαδραστικές τέχνες (τεχνολογίες και υβριδικές τέχνες) επεκτείνοντας το πεδίο δράσης ή ορισμού των διαλογικών τεχνών.</subfield>
  </datafield>
  <datafield tag="530" ind1=" " ind2=" ">
   <subfield code="a">Επίσης διαθέσιμο σε έντυπη μορφή.</subfield>
  </datafield>
  <datafield tag="650" ind1=" " ind2="0">
   <subfield code="a">Architecture</subfield>
   <subfield code="8">2238</subfield>
  </datafield>
  <datafield tag="650" ind1=" " ind2="0">
   <subfield code="a">Plastic arts; sculpture</subfield>
   <subfield code="8">2816</subfield>
  </datafield>
  <datafield tag="653" ind1=" " ind2=" ">
   <subfield code="a">κοινοί τόποι</subfield>
  </datafield>
  <datafield tag="653" ind1=" " ind2=" ">
   <subfield code="a">ρομπότ</subfield>
  </datafield>
  <datafield tag="653" ind1=" " ind2=" ">
   <subfield code="a">κυβερνητική συσκευή</subfield>
  </datafield>
  <datafield tag="653" ind1=" " ind2=" ">
   <subfield code="a">κινητική γλυπτική</subfield>
  </datafield>
  <datafield tag="653" ind1=" " ind2=" ">
   <subfield code="a">θεωρία της συνομιλίας</subfield>
  </datafield>
  <datafield tag="653" ind1=" " ind2=" ">
   <subfield code="a">κυβερνητική τέχνη</subfield>
  </datafield>
  <datafield tag="653" ind1=" " ind2=" ">
   <subfield code="a">διαδραστικότητα</subfield>
  </datafield>
  <datafield tag="653" ind1=" " ind2=" ">
   <subfield code="a">ηλεκτρονικές τέχνες</subfield>
  </datafield>
  <datafield tag="653" ind1=" " ind2=" ">
   <subfield code="a">τεχνοπολιτικό σώμα</subfield>
  </datafield>
  <datafield tag="653" ind1=" " ind2=" ">
   <subfield code="a">αυτοσχεδιασμός</subfield>
  </datafield>
  <datafield tag="653" ind1=" " ind2=" ">
   <subfield code="a">μπρικολάζ</subfield>
  </datafield>
  <datafield tag="653" ind1=" " ind2=" ">
   <subfield code="a">υβριδικές διευρυμένες τέχνες</subfield>
  </datafield>
  <datafield tag="653" ind1=" " ind2=" ">
   <subfield code="a">τακτικά τεχνοπολιτικά μέσα</subfield>
  </datafield>
  <datafield tag="653" ind1=" " ind2=" ">
   <subfield code="a">ακτιβιστικές τακτικές</subfield>
  </datafield>
  <datafield tag="653" ind1=" " ind2=" ">
   <subfield code="a">χάκερ πρακτικές</subfield>
  </datafield>
  <datafield tag="653" ind1=" " ind2=" ">
   <subfield code="a">(ημι)αντικείμενο  (ημι)υποκείμενο</subfield>
  </datafield>
  <datafield tag="653" ind1=" " ind2=" ">
   <subfield code="a">ενεργό αντικείμενο</subfield>
  </datafield>
  <datafield tag="653" ind1=" " ind2=" ">
   <subfield code="a">Τέχνες και γράμματα</subfield>
   <subfield code="a">Εικαστικές τέχνες</subfield>
   <subfield code="a">Καλές τέχνες</subfield>
   <subfield code="a">Γλυπτική</subfield>
  </datafield>
  <datafield tag="653" ind1=" " ind2=" ">
   <subfield code="a">Τέχνες και γράμματα</subfield>
   <subfield code="a">Εικαστικές τέχνες</subfield>
   <subfield code="a">Πλαστικές τέχνες</subfield>
  </datafield>
  <datafield tag="653" ind1=" " ind2=" ">
   <subfield code="a">Τέχνες και γράμματα</subfield>
   <subfield code="a">Εικαστικές τέχνες</subfield>
   <subfield code="a">Χειροτεχνίες</subfield>
  </datafield>
  <datafield tag="653" ind1=" " ind2=" ">
   <subfield code="a">Τέχνες και γράμματα</subfield>
   <subfield code="a">Τέχνες</subfield>
   <subfield code="a">Καλλιτεχνικά κινήματα</subfield>
  </datafield>
  <datafield tag="700" ind1="1" ind2=" ">
   <subfield code="a">Κούρος, Παναγιώτης-Αντώνιος</subfield>
   <subfield code="e">Κριτικός αναγνώστης</subfield>
   <subfield code="8">290</subfield>
  </datafield>
  <datafield tag="776" ind1="1" ind2=" ">
   <subfield code="i">έντυπη έκδοση</subfield>
   <subfield code="t">Τακτικές τεχνοπολιτικών μέσων: διαδικασίες συγκρότησης κοινών τόπων: διατάξεις</subfield>
   <subfield code="z">9789606032141.</subfield>
  </datafield>
  <datafield tag="856" ind1="4" ind2="0">
   <subfield code="u">http://hdl.handle.net/11419/3181</subfield>
   <subfield code="z">Πλήρες Κείμενο - Full text</subfield>
  </datafield>
  <datafield tag="907" ind1=" " ind2=" ">
   <subfield code="a">.b25678048</subfield>
   <subfield code="b">12-06-18</subfield>
   <subfield code="c">29-07-16</subfield>
  </datafield>
  <datafield tag="949" ind1=" " ind2=" ">
   <subfield code="0">0</subfield>
   <subfield code="1">0</subfield>
   <subfield code="2">ddc</subfield>
   <subfield code="4">0</subfield>
   <subfield code="6">720_000000000000000_ΝΤΑ</subfield>
   <subfield code="7">0</subfield>
   <subfield code="8">KALL</subfield>
   <subfield code="8">563</subfield>
   <subfield code="d">2016-04-13</subfield>
   <subfield code="r">2016-04-13</subfield>
   <subfield code="w">2016-04-13</subfield>
   <subfield code="z">720 ΝΤΑ</subfield>
   <subfield code="o">SEAB KALLIPOS</subfield>
  </datafield>
  <datafield tag="998" ind1=" " ind2=" ">
   <subfield code="a">80</subfield>
   <subfield code="a">01</subfield>
   <subfield code="a">02</subfield>
   <subfield code="a">03</subfield>
   <subfield code="a">04</subfield>
   <subfield code="a">05</subfield>
   <subfield code="a">06</subfield>
   <subfield code="a">07</subfield>
   <subfield code="a">08</subfield>
   <subfield code="a">09</subfield>
   <subfield code="a">10</subfield>
   <subfield code="a">11</subfield>
   <subfield code="a">12</subfield>
   <subfield code="a">13</subfield>
   <subfield code="a">14</subfield>
   <subfield code="a">15</subfield>
   <subfield code="a">16</subfield>
   <subfield code="a">17</subfield>
   <subfield code="a">18</subfield>
   <subfield code="a">19</subfield>
   <subfield code="a">20</subfield>
   <subfield code="a">21</subfield>
   <subfield code="a">22</subfield>
   <subfield code="a">23</subfield>
   <subfield code="a">24</subfield>
   <subfield code="a">25</subfield>
   <subfield code="a">26</subfield>
   <subfield code="b">11-05-17</subfield>
   <subfield code="c">m</subfield>
   <subfield code="d">z  </subfield>
   <subfield code="e">-</subfield>
   <subfield code="f">gre</subfield>
   <subfield code="g">gr </subfield>
   <subfield code="h">0</subfield>
  </datafield>
  <datafield tag="942" ind1=" " ind2=" ">
   <subfield code="2">ddc</subfield>
   <subfield code="c">KALLIPOS</subfield>
  </datafield>
 </record>
</collection>
